<?xml version="1.0" encoding="UTF-8"?><?xml-stylesheet type="text/xsl" href="static/style.xsl"?><OAI-PMH xmlns="http://www.openarchives.org/OAI/2.0/" xmlns:xsi="http://www.w3.org/2001/XMLSchema-instance" xsi:schemaLocation="http://www.openarchives.org/OAI/2.0/ http://www.openarchives.org/OAI/2.0/OAI-PMH.xsd"><responseDate>2026-04-27T20:16:39Z</responseDate><request verb="GetRecord" identifier="oai:uvadoc.uva.es:10324/15902" metadataPrefix="marc">https://uvadoc.uva.es/oai/request</request><GetRecord><record><header><identifier>oai:uvadoc.uva.es:10324/15902</identifier><datestamp>2021-06-29T12:17:04Z</datestamp><setSpec>com_10324_38</setSpec><setSpec>col_10324_852</setSpec></header><metadata><record xmlns="http://www.loc.gov/MARC21/slim" xmlns:doc="http://www.lyncode.com/xoai" xmlns:xsi="http://www.w3.org/2001/XMLSchema-instance" xmlns:dcterms="http://purl.org/dc/terms/" xsi:schemaLocation="http://www.loc.gov/MARC21/slim http://www.loc.gov/standards/marcxml/schema/MARC21slim.xsd">
<leader>00925njm 22002777a 4500</leader>
<datafield tag="042" ind1=" " ind2=" ">
<subfield code="a">dc</subfield>
</datafield>
<datafield tag="720" ind1=" " ind2=" ">
<subfield code="a">Sánchez García, Yéssica</subfield>
<subfield code="e">author</subfield>
</datafield>
<datafield tag="260" ind1=" " ind2=" ">
<subfield code="c">2015</subfield>
</datafield>
<datafield tag="520" ind1=" " ind2=" ">
<subfield code="a">La publicidad es una herramienta que está presente en nuestro día a día y nos influye directamente.&#xd;
En esta publicidad muchas veces se muestra una imagen de la mujer que no corresponde con la&#xd;
realidad y que fomenta los estereotipos impuestos sobre hombres y mujeres. En este trabajo vamos&#xd;
a ejecutar una mirada atrás hasta los inicios de la televisión y comparando esos anuncios con los&#xd;
existentes hoy en día. La legislación vigente sobre estas actitudes de desigualdad en la publicidad,&#xd;
nos hará comprender que se ha realizado un cambio muy grande en lo que a la visión de ambos&#xd;
sexos en la publicidad se refiere. Por otro lado se han analizado varios anuncios que habían sido&#xd;
denunciados antes las organizaciones que cuidan de que estos spots sean aptos para su&#xd;
vislumbrado en televisión y se pone de manifiesto las razones que han llevado a requerir una&#xd;
modificación o retirada de estos anuncios en cuestión</subfield>
</datafield>
<datafield tag="520" ind1=" " ind2=" ">
<subfield code="a">Advertising is a tool that is present in our daily life and directly affects us. In this&#xd;
advertising often an image of women which does not correspond with reality and that&#xd;
encourages stereotypes imposed on women and men is shown. In this paper we will run&#xd;
a look back to the beginnings of television ads and comparing those existing today. The&#xd;
legislation on these attitudes of inequality in advertising, make us understand that there&#xd;
has been a big change in what the vision of both sexes in advertising is concerned. On the&#xd;
other hand they have analyzed several ads that had been denounced before the&#xd;
organizations that take care of these spots are suitable for glimpsed on television and&#xd;
highlights the reasons that led to require modification or withdrawal of these ads in&#xd;
question.</subfield>
</datafield>
<datafield tag="024" ind2=" " ind1="8">
<subfield code="a">http://uvadoc.uva.es/handle/10324/15902</subfield>
</datafield>
<datafield ind1=" " ind2=" " tag="653">
<subfield code="a">Publicidad televisada</subfield>
</datafield>
<datafield ind1=" " ind2=" " tag="653">
<subfield code="a">Mujeres en los medios de comunicación social</subfield>
</datafield>
<datafield tag="245" ind1="0" ind2="0">
<subfield code="a">Desigualdad de género en publicidad televisiva</subfield>
</datafield>
</record></metadata></record></GetRecord></OAI-PMH>